85 aforismos / (Record no. 196019)

MARC details
000 -LEADER
campo de control de longitud fija 01821nam a2200421 i 4500
001 - NÚMERO DE CONTROL
campo de control 196019
003 - IDENTIFICADOR DE NÚMERO DE CONTROL
campo de control ES-MaACL
005 - FECHA Y HORA DE LA ÚLTIMA TRANSACCIÓN
campo de control 20251009201149.0
008 - DATOS DE LONGITUD FIJA--INFORMACIÓN GENERAL
campo de control de longitud fija 240809s2020 sp a | |||| 000 mdspa
015 ## - NÚMERO DE BIBLIOGRAFÍA NACIONAL
Número de bibliografía nacional MON22
017 ## - NÚMERO DE COPYRIGHT O DE DEPÓSITO LEGAL
Número de copyright o de depósito legal M 8293-2020
Agencia que asigna Oficina Depósito Legal Madrid
035 ## - NÚMERO DE CONTROL DEL SISTEMA
Número de control de sistema (SpMaBN)a7024090
035 ## - NÚMERO DE CONTROL DEL SISTEMA
Número de control de sistema 991039678279708606
040 ## - FUENTE DE CATALOGACIÓN
Centro catalogador/agencia de origen SpMaBN
Lengua de catalogación spa
Centro/agencia transcriptor SpMaBN
Normas de descripción rda
Centro/agencia modificador ES-MaACL
080 ## - NÚMERO DE LA CLASIFICACIÓN DECIMAL UNIVERSAL
Número de la Clasificación Decimal Universal 821.134.2-84"19"
100 1# - ENTRADA PRINCIPAL--NOMBRE DE PERSONA
Nombre de persona Villa Gil, Luis Enrique de la,
Fechas asociadas al nombre 1935-
Término indicativo de función/relación Autor
9 (RLIN) 114883
245 00 - MENCIÓN DEL TÍTULO
Título 85 aforismos /
Mención de responsabilidad, etc. Luis Enrique de la Villa Gil.
246 3# - FORMA VARIANTE DEL TITULO
Título propio/Titulo breve Ochenta y cinco aforismos
250 ## - MENCION DE EDICION
Mención de edición Primera edición: abril 2020
264 #1 - PRODUCCIÓN, PUBLICACIÓN, DISTRIBUCIÓN, FABRICACIÓN Y COPYRIGHT
Producción, publicación, distribución, fabricación y copyright [Madrid?] :
Nombre del de productor, editor, distribuidor, fabricante [L.E. de la Villa],
Fecha de producción, publicación, distribución, fabricación o copyright [2020].
264 #3 - PRODUCCIÓN, PUBLICACIÓN, DISTRIBUCIÓN, FABRICACIÓN Y COPYRIGHT
Producción, publicación, distribución, fabricación y copyright Madrid :
Nombre del de productor, editor, distribuidor, fabricante Campillo Nevado,
Fecha de producción, publicación, distribución, fabricación o copyright [2020].
300 ## - DESCRIPCIÓN FÍSICA
Extensión 57, 57 páginas, 64 páginas sin numerar :
Otras características físicas ilustraciones (blanco y negro y color) ;
Dimensiones 25 cm.
336 ## - TIPO DE CONTENIDO
Término de tipo de contenido Texto
Fuente rdacontent
337 ## - TIPO DE MEDIO
Nombre/término del tipo de medio sin mediación
Fuente rdamedia
338 ## - TIPO DE SOPORTE
Nombre/término del tipo de soporte volumen
Fuente rdacarrier
500 ## - NOTA GENERAL
Nota general Portada y textos contrapuestos
500 ## - NOTA GENERAL
Nota general Incluye apéndice fotográfico y documental
505 0# - NOTA DE CONTENIDO CON FORMATO
Nota de contenido con formato El espolón encendido / Luis Enrique de la Villa Gil. Alas y raíces / Juan Antonio Sagardoy Bengoechea
655 #0 - TERMINO DE INDIZACIÓN--GENERO/FORMA
Datos o término principal de género/forma Máximas y aforismos
Fuente del término tgfbne
9 (RLIN) 238002
700 #2 - ENTRADA AGREGADA--NOMBRE PERSONAL
Nombre de persona Villa Gil, Luis Enrique de la,
Fechas asociadas al nombre 1935-
Título de la obra El espolón encendido
9 (RLIN) 238003
700 #2 - ENTRADA AGREGADA--NOMBRE PERSONAL
Nombre de persona Sagardoy Bengoechea, Juan Antonio.
Título de la obra Alas y raíces
9 (RLIN) 238004
852 ## - LOCALIZACIÓN
Ubicación ES-MaACL
Sublocalización o colección R.153026
Ubicación en estantería Depósito J
Número de control de estantería N-9146
Donativo/Legado Donación: Luis Enrique de la Villa Gil
Encuadernación Encuadernación cartoné con sobrecubiertas
itemnumber 205041
903 ## - NOMBRE PERSONAL DE DONANTE
a Villa Gil, Luis Enrique de la,
d 1935-
e Donante
9 114883
942 ## - ELEMENTOS DE ENTRADA SECUNDARIOS (KOHA)
Tipo de ítem Koha Libro impreso
Suprimir en OPAC No
Holdings
Estatus retirado Estado de pérdida Fuente del sistema de clasificación o colocación Estado de daño No para préstamo Biblioteca de origen Biblioteca actual Ubicación en estantería Fecha de adquisición Fuente de adquisición Total de préstamos Signatura topográfica completa Código de barras Visto por última vez Precio de reemplazo Tipo de ítem Koha
    Clasificación decimal universal     Biblioteca del Ateneo de Madrid Biblioteca del Ateneo de Madrid Depósito J 24/04/2025 Donación   N-9146 101229887 24/04/2025 24/04/2025 Libro impreso